Probabilités et potentiel /
Guardado en:
| Autor Principal: | |
|---|---|
| Formato: | Libro |
| Idioma: | French |
| Publicado: |
Paris :
Hermann,
1966.
|
| Series: | Actualités scientifiques et industrielles ;
1318 Publications de l'Institut de mathématique de l'Université de Strasbourg ; 14 |
| Etiquetas: |
Agregar Etiqueta
Sin Etiquetas, Sea el primero en etiquetar este registro!
|
| LEADER | 00836cam a22002055 4500 | ||
|---|---|---|---|
| 001 | MAT.inmabb001730 | ||
| 008 | 721027s1966####fr#######b####001#0#fre#d | ||
| 005 | 20130226164154.0 | ||
| 245 | 1 | 0 | |a Probabilités et potentiel / |c Paul-André Meyer. |
| 260 | |a Paris : |b Hermann, |c 1966. | ||
| 300 | |a 320 p. ; |c 24 cm. | ||
| 440 | 0 | |a Actualités scientifiques et industrielles ; |v 1318 | |
| 440 | 0 | |a Publications de l'Institut de mathématique de l'Université de Strasbourg ; |v 14 | |
| 504 | |a Bibliografía: p. [311]-317. | ||
| 505 | 0 | |a Section A: Éléments de calcul des probabilités -- Section B: Théorie des martingales -- Section C: Outils analytiques de la théorie du potentiel. | |
| 510 | 4 | |a MR, |c 34 #5118 | |
| 100 | 1 | |a Meyer, Paul André. | |
| 084 | |a 60-02 (31-02) |2 msc2000 | ||
| 010 | |a 67080341 | ||
| 859 | |h 60 |i M612 |p A-3070 |b BIB. MATEMATICA | ||
